Türkiye'de tek parti yönetimi ve siyasal katılım (1923-1945)/ (Record no. 13510)

MARC details
000 -BAŞLIK
Sabit Uzunlukta Kontrol Alanı 00844nam a2200241 4500
999 ## - SİSTEM KONTROL NUMARALARI (KOHA)
Koha Biblionumber 13510
Koha Biblioitemnumber 13510
003 - KONTROL NUMARASI IDENTIFIER
Denetim Alanı MIRAKIL
005 - SON İŞLEM TARİHİ VE ZAMANI
Denetim Alanı 20211214000615.0
008 - SABİT-BOY VERİ ELEMANLARI - GENEL BİLGİLER
Sabit Uzunlukta Kontrol Alanı 190926b tu ||||| |||| 00| 0 tur d
020 ## - ULUSLARARASI STANDART KİTAP NUMARASI
Uluslararası Standart Kitap Numarası 9755200355
040 ## - KATALOGLAMA KAYNAK
Orijinal Kataloglama Ajansı TR-AnCHP
Metne Dönüştürmek Ajansı TR-AnCHP
041 ## - DİL KODU
Metin / Ses Parça Veya Ayrı Başlığın Dil Kodu tur
082 ## - DEWEY ONLU SINIFLANDIRMA NUMARASI
Sınıflandırma Numarası CHP 324.2561
Ürün Numarası Ö9t 1992
100 ## - ANA GİRİŞ - KİŞİSEL İSİM
Kişisel Ad Öz, Esat
245 10 - BAŞLIK TABLOSU
Başlık Türkiye'de tek parti yönetimi ve siyasal katılım (1923-1945)/
Sorumluluk Tablosu, Vb Esat Öz.
260 ## - YAYIN, DAĞITIM, VB
Yayın, Dağıtım, Vb Yeri Ankara:
Yayıncı, Dağıtıcı, Vs Adı Gündoğan yayınları,
Yayın, Dağıtım, Vb Tarihi 1992.
300 ## - FİZİKSEL TANIM
Kapsam 244 s.:
Diğer Fiziksel Ayrıntıları tbl.;
Boyutlar 19 sm.
490 0# - SERİSİ TABLOSU
Seri Beyanı Gündoğan yayınları;
-- Siyaset / sosyoloji dizisi;
Hacim / Ardışık Tanımı 91.43.
-- 02.13.
504 ## - KAYNAKÇA VB NOT
Kaynakça Vb Notu Kaynakça vardır.
610 #0 - KONU KATMA GİRİŞ - TOPLANTI ADI
9 (RLIN) 5196
Giriş Elemanı Olarak Kurumsal Ad Veya Yargı Alanı Adı Cumhuriyet Halk Partisi (CHP)
Genel Alt Bölüm Tarih
Coğrafi Alt Bölüm Türkiye
650 #0 - KONU KATMA GİRİŞ - TOPİKAL DÖNEM
Topikal Süreli Veya Coğrafi Ad Giriş Elemanı Siyaset ve yönetim
Genel Alt Bölümü Türkiye
Coğrafi Alt Bölümü Türkiye
Kronolojik Alt Bölümü 1923-1945
9 (RLIN) 9
650 #0 - KONU KATMA GİRİŞ - TOPİKAL DÖNEM
9 (RLIN) 804
Topikal Süreli Veya Coğrafi Ad Giriş Elemanı Siyasi partiler
Genel Alt Bölümü Tarih
Coğrafi Alt Bölümü Türkiye
Kronolojik Alt Bölümü 1923-1945
942 ## - EKLENDİ GİRİŞ ELEMANLARI (KOHA)
Sınıflandırma Veya Raf Düzeni Kaynak Dewey Decimal Classification
Koha Öğesi Türü Books
Holdings
Kalıcı Konum Mevcut Konum Edinme Tarihi Toplam Check-Out'Lar Tam Çağrı Numarası Barkod Tarih Son Görülme İtibaren Geçerli Fiyatlar Sigara Kamu Notu Koha Öğesi Türü
CHP Kütüphanesi CHP Kütüphanesi 09/26/2019   324.2561 Ö9t 1992 011970 09/26/2019 09/26/2019 Ertuğrul Çepni bağışıdır. Books